000 00791nam a22002057a 4500
999 _c4055
_d4055
003 AR-CdUCM
008 190307b ||||| |||| 00| 0 spa d
040 _aMUNICIPALIDAD PROVINCIAL DEL CUSCO
_cBIBLIOTECA MUNICIPAL DEL CUSCO
082 _a460.7 /
_bC28
100 _aCaravedo, Rocío
_912899
245 _aEstudios sobre el español de Lima :
_bvariación contextual de la sibilante /
260 _aLima :
_bPUCP,
_c1983.
300 _a164 páginas ;
_c20.5 cm.
505 _aContenido: La metodología de Terrell aplicada al español del Caribe -- El debilitamiento de implosivas -- Constricciones contextuales -- Elisión -- Sonorización ...
650 _aLengua española
_91124
650 _aEnseñanza
_91616
650 _aMetodología
_92264
942 _2ddc
_cLIBROS
945 _aafb